000 00796cab a2200241 4500
001 ABS48535
008 090401t1993 xxu||||| |||| 00| 0 eng d
035 _a(Sirsi) u67273
041 _aeng
100 _aShash, A. A.
245 _aFactors considered in tendering decisions by top UK contractors
260 _c1993
350 _a0
490 _aConstruction Management & Economics
_v11(2) March 1993, 111-118(8)
520 _aSumarises the results of a questionnaire survey mailed to 300 top UK contractors identifying factors involved in the bid decision-making process.
650 _aCONSTRUCTION PROCESS
650 _aCONTRACTORS
650 _aQUESTIONNAIRE
650 _aTENDERING
690 _aBUILT ENVIRONMENT-BUILDING CONTRACT FORMS
942 _n0
948 _c04/03/1997
999 _c42101
_d42101